El cautivo

Bewaard in:
Bibliografische gegevens
Hoofdauteur: Puga Larraín, Juana (autor)
Formaat: Boek
Taal:Spaans
Gepubliceerd in: Quito El Conejo 1999
Onderwerpen:
Tags: Voeg label toe
Geen labels, Wees de eerste die dit record labelt!

MARC

LEADER 00000nam a2200000 a 4500
001 UCO9487
003 CL-VaPUC
008 010302e19990000EC |||||||||||||||||spa|d
082 0 4 |a Ch861  |b PUG  |2 21 
100 |a Puga Larraín, Juana  |e autor  |9 454677 
245 1 3 |a El cautivo 
300 |a 64 p 
942 |c BK 
945 |d 20010302 00:00:00  |a cmena 
260 |a Quito  |b El Conejo  |c 1999 
650 0 |a Poesía chilena   |9 268403 
650 0 |a Literatura chilena   |9 308278 
583 |a last modification  |c 20010302 00:00:00  |k Rodrigo Vera 
999 |c 293693  |d 293691 
952 |0 0  |1 0  |4 0  |6 CH_861_000000000000000_PUG_1999  |7 0  |8 A  |9 345386  |a BIBEDU  |b BIBEDU  |d 2019-11-20  |i 3682714  |o Ch861 PUG 1999  |p 3682714  |r 2019-11-20  |w 2019-11-20  |y BK  |k LIT